El crimen de las figuras de cera / (Record no. 39967)

MARC details
000 -LEADER
campo de control de longitud fija 00663nam a2200205 i 4500
001 - NÚMERO DE CONTROL
campo de control 39967
003 - IDENTIFICADOR DE NÚMERO DE CONTROL
campo de control ES-MaACL
005 - FECHA Y HORA DE LA ÚLTIMA TRANSACCIÓN
campo de control 20250805063237.0
007 - CAMPO FIJO DE DESCRIPCIÓN FÍSICA--INFORMACIÓN GENERAL
campo de control de longitud fija t|
008 - DATOS DE LONGITUD FIJA--INFORMACIÓN GENERAL
campo de control de longitud fija 030304s1956 sp ||||1| spa d
100 1# - ENTRADA PRINCIPAL--NOMBRE DE PERSONA
Nombre de persona Carr, John Dickson,
Fechas asociadas al nombre 1906-1977
9 (RLIN) 35468
245 13 - MENCIÓN DEL TÍTULO
Título El crimen de las figuras de cera /
Mención de responsabilidad, etc. John Dickson Carr ; traducción de Estela Canto.
260 ## - PUBLICACIÓN, DISTRIBUCIÓN, ETC.
Lugar de publicación, distribución, etc. Barcelona :
Nombre del editor, distribuidor, etc. E.D.H.A.S.A.,
Fecha de publicación, distribución, etc. [1956] (
Fabricante Vda. de Manuel Ponsa)
300 ## - DESCRIPCIÓN FÍSICA
Extensión 253 p. ;
Dimensiones 18 cm.
490 1# - MENCIÓN DE SERIE
Mención de serie El séptimo círculo
700 1# - ENTRADA AGREGADA--NOMBRE PERSONAL
Nombre de persona Canto, Estela.
9 (RLIN) 34667
830 0# - PUNTO DE ACCESO ADICIONAL DE SERIE-TÍTULO UNIFORME
Título uniforme El séptimo círculo
9 (RLIN) 181830
852 ## - LOCALIZACIÓN
Ubicación ES-MaACL
Número de control de estantería C-11087
Sublocalización o colección R.39124
Holdings
Estatus retirado Estado de pérdida Estado de daño No para préstamo Biblioteca de origen Biblioteca actual Ubicación en estantería Fecha de adquisición Fuente de adquisición Total de préstamos Signatura topográfica completa Código de barras Visto por última vez Precio de reemplazo Tipo de ítem Koha
        Biblioteca del Ateneo de Madrid Biblioteca del Ateneo de Madrid Sala Palomar 17/01/2008     C-11087 1042084 23/02/2023 23/02/2023 Libro impreso